What every engineer should know about computational techniques of finite element analysis / (Record no. 28921)

000 -LEADER
fixed length control field 00719 a2200169 4500
020 ## - INTERNATIONAL STANDARD BOOK NUMBER
International Standard Book Number 0849335639
020 ## - INTERNATIONAL STANDARD BOOK NUMBER
International Standard Book Number 9780849335631
082 04 - DEWEY DECIMAL CLASSIFICATION NUMBER
Classification number 620.00151825
090 ## - LOCALLY ASSIGNED LC-TYPE CALL NUMBER (OCLC); LOCAL CALL NUMBER (RLIN)
-- 286
-- 286
100 1# - MAIN ENTRY--PERSONAL NAME
Personal name Komzsik, Louis.
245 10 - TITLE STATEMENT
Title What every engineer should know about computational techniques of finite element analysis /
Statement of responsibility, etc. Louis Komzsik.
260 ## - PUBLICATION, DISTRIBUTION, ETC.
Place of publication, distribution, etc. [S.l.] :
Name of publisher, distributor, etc. CRC Press,
Date of publication, distribution, etc. 2005.
300 ## - PHYSICAL DESCRIPTION
Extent 288 p. ;
Dimensions 24 cm.
942 ## - ADDED ENTRY ELEMENTS (KOHA)
Institution code [OBSOLETE] SNS
Koha item type Book
Call number prefix 620.00151825 KOM
Holdings
Withdrawn status Lost status Damaged status Not for loan Permanent Location Current Location Date acquired Total Checkouts Full call number Barcode Date last seen Price effective from Koha item type
        School of Natural Sciences (SNS) School of Natural Sciences (SNS) 05/26/2016   620.00151825 KOM SNS0000194 05/15/2019 05/26/2016 Book
        School of Natural Sciences (SNS) School of Natural Sciences (SNS) 05/26/2016   620.00151825 KOM SNS0001454 05/26/2016 05/26/2016 Book
© 2023 Central Library, National University of Sciences and Technology. All Rights Reserved.